000
00415nam a22001217a 4500
003
SGT
082
_a
920
_b
P99K
100
_a
किशोर, गिरिराज
245
_a
पहला गिरमिटिया : गाँधी के जीवन पर केंद्रित उपन्यास
260
_b
भारतीय ज्ञानपीठ
_c
1999
300
_a
904
942
_2
ddc
_c
BK
999
_c
29751
_d
29751